000 00274nam a2200121 a 4500
008 101021s1969|||| d
100 1 _aKlačko, Herman
245 1 0 _aRáno v Bombaji
260 _bSmena
_aBratislava
_c1969
041 _aslo
020 _c14
044 _axo
_cSK
999 _c11908
_d11908